[Event "Alba Adriatica op 3rd"]
[Site "Alba Adriatica"]
[Date "1989.09.19"]
[Round "4"]
[White "Verrascina, Roberto"]
[Black "Schwelzer, Manfred"]
[Result "1-0"]
[WhiteElo "2101"]
[BlackElo "2000"]
[PlyCount "73"]
[EventDate "1989.09.16"]
[EventType "swiss"]
[EventRounds "8"]
[EventCountry "ITA"]
[SourceTitle "EXT 2023"]
[Source "ChessBase"]
[SourceDate "2022.10.05"]
[SourceVersion "1"]
[SourceVersionDate "2022.10.05"]
[SourceQuality "1"]

1. Nf3 d6 2. d4 g6 3. g3 Bg7 4. Bg2 Nf6 5. 0-0 0-0 6. c4 Nbd7 7. Nc3 e5 8. e4 c6 9. h3 Qc7 10. Be3 b6 11. Rc1 a5 12. Qd2 Ba6 13. b3 a4 14. Rfd1 axb3 15. axb3 Ra7 16. dxe5 dxe5 17. Qd6 Rfa8 18. Na4 Qxd6 19. Rxd6 Bf8 20. Rxc6 Bb7 21. Rxf6 Nxf6 22. Bxb6 Ra6 23. c5 Bc6 24. Bf1 Nd7 25. Bxa6 Rxa6 26. Rc4 Bb5 27. Rb4 Be2 28. c6 Bxb4 29. cxd7 Be7 30. Nxe5 Bb5 31. d8Q+ Bxd8 32. Bxd8 f6 33. Ng4 Rd6 34. Bxf6 Rd1+ 35. Kh2 h5 36. Ne3 Rd3 37. Nc3 1-0

[Event "Alba Adriatica op 3rd"]
[Site "Alba Adriatica"]
[Date "1989.09.16"]
[Round "1"]
[White "Schwelzer, Manfred"]
[Black "Tribuiani, Renato"]
[Result "1/2-1/2"]
[WhiteElo "2000"]
[BlackElo "1982"]
[PlyCount "48"]
[EventDate "1989.09.16"]
[EventType "swiss"]
[EventRounds "8"]
[EventCountry "ITA"]
[SourceTitle "EXT 2023"]
[Source "ChessBase"]
[SourceDate "2022.10.05"]
[SourceVersion "1"]
[SourceVersionDate "2022.10.05"]
[SourceQuality "1"]

1. Nf3 d5 2. g3 Nf6 3. Bg2 g6 4. 0-0 Bg7 5. d3 0-0 6. Nbd2 c6 7. e4 dxe4 8. dxe4 Na6 9. Qe2 Bg4 10. h3 Be6 11. Ng5 Nc7 12. Nxe6 Nxe6 13. Nb3 Qc7 14. Be3 Rfd8 15. Rad1 Ne8 16. c3 c5 17. f4 b6 18. e5 Rxd1 19. Rxd1 Rd8 20. Rd5 Rxd5 21. Bxd5 Nd8 22. Nd2 Qd7 23. Qg2 Nc7 24. Bb3 Qc6 1/2-1/2